Statistics for Geometry dash Quiz

Click here to take the quiz!

General Stats

  • This quiz has been taken 26 times
  • The average score is 8 of 14

Answer Stats

HintAnswer% Correct
Most famous extreme demonBloodbath
95%
The creator of GDRobTop
95%
A hardest memory demonLIMBO
86%
A legend player in GD, but sadly passed away in 2021. :(Michigun
86%
Top 1 demonAcheron
81%
The creator of LIMBOMindcap
71%
Easiest level in FeauteredReTray
62%
Nexus's hardest beated demonBloodlust
57%
"Woah, It's -----."Wulzy
57%
Dorami's hardest extreme demonThe yandere
38%
Dorami's verfiying extreme demonThe yangire
38%
Only level that started with XXo
33%
Best youtuberAeonAir
19%
Mindcap's upcoming hardest timing demonHELIOPOLIS
14%

Score Distribution

Percentile by Number Answered

Percent of People with Each Score

Your Score History

You have not taken this quiz